Statistics for Eurovision 2018 Countries by Artists

Click here to take the quiz!

General Stats

  • This quiz has been taken 74 times
  • The average score is 34 of 42

Answer Stats

NameCountry% Correct
Eleni FoureiraCyprus
97%
NettaIsrael
95%
Mikolas JosefCzech Republic
91%
Alexander RybakNorway
91%
Madame MonsieurFrance
89%
Ermal Meta e Fabrizio MoroItaly
89%
Cesar SampsonAustria
88%
Saara AaltoFinland
88%
Michael SchulteGermany
88%
Ari OlafssonIceland
88%
RasmussenDenmark
86%
DoReDosMoldova
86%
Julia SamoylovaRussia
86%
Benjamin IngrossoSweden
86%
Elina NechayevaEstonia
85%
EquinoxBulgaria
83%
Ryan O'ShaughnessyIreland
83%
Sanja Ilic & BalkanikaSerbia
83%
MélovinUkraine
83%
SuRieUnited Kingdom
83%
Jessica MauboyAustralia
82%
AiselAzerbaijan
80%
Ieva ZasimauskaiteLithuania
80%
Vanja RadovanovicMontenegro
80%
Amaia y AlfredSpain
80%
Eugent BushpepaAlbania
79%
WaylonNetherlands
79%
Claudia PascoalPortugal
79%
Lea SirkSlovenia
79%
Sevak KhanagyanArmenia
76%
AWSHungary
74%
Laura RizzottoLatvia
74%
ChristabelleMalta
74%
ZiBBZSwitzerland
74%
SennekBelgium
73%
Eye CueNorth Macedonia
73%
Jessika & Jennifer BreningSan Marino
73%
FrankaCroatia
71%
Yianna TerziGreece
71%
Gromee ft. Lukas MeijerPoland
71%
The HumansRomania
70%
Ethno-Jazzband IriaoGeorgia
67%

Score Distribution

Percentile by Number Answered

Percent of People with Each Score

Your Score History

You have not taken this quiz